Un Joc pensat a casa nostra /
Descripción Física:
2 pàgs. ; il. col. ; 29 cm.
Colección:
Arrel : revista editada per la Diputació de Barcelona
; Núm. 3 (abril-setembre, 1982) ; pàgs. 156-161
MARC
| LEADER | 00000nab a2200000 a 4500 | ||
|---|---|---|---|
| 001 | 8160 | ||
| 003 | Arxiu | ||
| 005 | 20260324195724.0 | ||
| 008 | 160829s9999 xx 000 0 cat d | ||
| 100 | |a Argemí i d'Abadal, Joan |9 40856 | ||
| 245 | |a Un Joc pensat a casa nostra / |c Joan Argemí d'Abadal | ||
| 260 | |a Barcelona : |b Diputació de Barcelona ; |c 1982 | ||
| 300 | |a 2 pàgs. ; |b il. col. ; |c 29 cm. | ||
| 490 | |a Arrel : revista editada per la Diputació de Barcelona ; |v Núm. 3 (abril-setembre, 1982) ; pàgs. 156-161 |x 0211-562X | ||
| 610 | 1 | 0 | |a Barcelona (Catalunya : Província). |b Servei de Medi Ambient |9 53475 |
| 650 | |a Aigua |x Conservació |9 38714 | ||
| 650 | |a Jocs |9 40857 | ||
| 856 | 4 | |u https://media.diba.cat/diba/fitxers/arxiu/hemeroteca/arrel/8160/bib_8160_1981_1984_n03_a15_baixa.pdf |y Accés lliure | |
| 856 | 4 | |u https://media.diba.cat/diba/fitxers/arxiu/hemeroteca/arrel/8160/bib_8160_1981_1984_n03_a15_baixa.pdf |y bib_8160_1981_1984_n03_a15_baixa.pdf | |
| 901 | |a Arxiu | ||
| 942 | |n 1 |2 udc |c Articles de revista | ||
| 952 | |0 0 |1 0 |2 udc |4 0 |6 REV93 |7 1 |9 49934 |a Arxiu |b Arxiu |d 2016-12-01 |o Rev-93 |r 2016-12-01 00:00:00 |w 2016-12-01 |y ARXIU | ||
| 999 | |c 53776 |d 53776 | ||
| 900 | |a bib_8160_1981_1984_n03_a15_baixa.pdf | ||